La sexualidad humana : un estudio comparativo de su evolución /
Zapisane w:
| 1. autor: | |
|---|---|
| Format: | Książka |
| Język: | hiszpański |
| Wydane: |
México :
Fondo de Cultura Económica,
1984, c1984
|
| Seria: | (Biblioteca de Psicología y Psicoanálisis)
|
| Hasła przedmiotowe: | |
| Etykiety: |
Nie ma etykietki, Dołącz pierwszą etykiete!
|
MARC
| LEADER | 00000nam^a2200000^a^4500 | ||
|---|---|---|---|
| 001 | 000621503 | ||
| 005 | 20250922000000.0 | ||
| 009 | 20260310133900.081 | ||
| 020 | |a 968-16-1369-4 | ||
| 037 | |a Acervo ITESO - Biblioteca | ||
| 041 | |a ESP | ||
| 082 | |a 305. 3 |b KAT | ||
| 100 | |a Katchadourian, Herant A. |e (compilación) | ||
| 245 | 1 | 3 | |a La sexualidad humana : |b un estudio comparativo de su evolución / |c Comp. de H.A. Katchadourian ; tr. por Héctor Libertella Riesco. |
| 264 | 4 | |a México : |b Fondo de Cultura Económica, |c 1984, c1984 | |
| 300 | |a 394 p. | ||
| 336 | |a texto |b txt |2 rdacontenido | ||
| 337 | |a sin mediación |b n |2 rdamedio | ||
| 338 | |a volumen |b nc |2 rdasoporte | ||
| 440 | 1 | |a (Biblioteca de Psicología y Psicoanálisis) | |
| 500 | |a Traducción de: Human Sexuality. A Comparative Developmental Perspective | ||
| 649 | |a XX | ||
| 650 | |a Orgasmo | ||
| 650 | |a Placer Sexual | ||
| 650 | |a Coito | ||
| 650 | |a Respuesta Sexual Humana | ||
| 650 | |a Instinto Sexual | ||
| 650 | |a Prácticas Sexuales | ||
| 650 | |a Desarrollo Sexual | ||
| 650 | |a Roles de Género | ||
| 650 | |a Género | ||
| 650 | |a Sexualidad - |x Aspectos Sociales y Culturales | ||
| 650 | |a Sexualidad - |x Aspectos Psicológicos | ||
| 650 | |a Sexualidad - |x Tema Principal | ||
| 650 | |a Psicología | ||
| 910 | |a Fondo Castillo-Martínez | ||
| 920 | |a Impresos - Libros | ||
| 930 | |a Fondos Especiales | ||
| 905 | |a 127 | ||
| 901 | |a 621503-10 |b IT2 |c ESP |i D126278 |u 20250922 | ||
| 902 | |a https://opac.biblio.iteso.mx/vufind/Record/000621503 | ||